| 000 | 02845nam a2200253Ia 4500 | ||
|---|---|---|---|
| 003 | PE SENCICO BE | ||
| 005 | 20251020182429.0 | ||
| 008 | 200515s9999 xx 000 0 und d | ||
| 020 | _a84-89786-96-8 | ||
| 040 |
_aPE SENCICO BE _cPE SENCICO BE |
||
| 041 | _aspa | ||
| 082 |
_a613.62 _bM28 |
||
| 100 | 1 |
_aMateo Floría, Pedro _997 _eautor |
|
| 245 | 1 | 0 |
_aGestión de la higiene industrial en la empresa / _cPedro Mateo Floría |
| 250 | _a[1a ed.] | ||
| 260 |
_aMadrid : _bFundación Confemetal ; _c[2000] |
||
| 300 |
_a768 p. : _bil., tbl., graf. ; _c23 cm. |
||
| 505 | 0 | _aHigiene industrial -- Enfermedad profesional -- Contaminantes -- Dosis -- Relación de la higiene industrial con otras técnicas preventivas -- Metodología de actuación en higiene industrial -- Principios de la acción preventiva -- Protección de la maternidad -- Protección de los trabajadores especialmente sensibles a determinados riesgos -- El informe de higiene industrial -- Toxicología -- Conceptos de dosis -- Efectos de los contaminantes químicos -- Acción de los tóxicos sobre el organismo -- Cáncer laboral -- Clasificación, envasado u etiquetado de sustancias y preparados peligrosos -- Clasificación de sustancias -- Clasificación de preparados -- Método convencional -- Envasados de sustancias y preparados -- Ficha de datos de seguridad -- Medición de la exposición -- Forma en que se presentan los contaminantes químicos -- Procedimientos de medida -- Procedimientos de lectura directa -- Procedimientos de toma de muestras -- Estrategia de muestreo -- Agentes químicos: evaluación de la exposición -- Agentes químicos de la exposición -- Agentes físicos: ruido, real decreto 1316/1989 -- Agentes físicos: ruido. Fundamentos de acústica: Ruido -- Sonido -- Ondas acústicas -- Presión acústica -- Nivel de presión acústica -- Espectro de frecuencias -- Agentes físicos: ruido. Efectos de la exposición -- Agentes físicos: ruido. Evaluación y medición -- Agentes físicos: ruido. Control de la exposición -- Agentes físicos: ambiente térmico -- Agentes físicos: vibraciones -- Agentes físicos: radiaciones no ionizantes: radiaciones no ionizantes -- radiaciones electromagnéticas -- Radiaciones ópticas -- Microondas y radiofrecuencias -- Láser -- Agentes físicos: radiaciones ionizantes: radiaciones ionizantes -- Organismos relacionados con la protección radiológica -- Protección radiológica -- Detección y medición de las radiaciones -- Agentes biológicos -- Residuos peligrosos | |
| 520 | 3 | _aDescribe la parte obligatoria y la especialización optativa de la disciplina de higiene Industrial del programa de desempeño de las funciones de nivel intermedio. | |
| 650 | 1 | 0 |
_aSalud ocupacional _9581 |
| 650 | 2 | 0 |
_aHigiene industrial _9357 |
| 650 | 2 | 0 |
_aRiesgos laborales _9610 |
| 942 |
_cLIB _2ddc |
||
| 999 |
_c192 _d192 |
||